|
|
|
|
| LEADER |
01375nam a2200265 a 4500 |
| 001 |
000326337 |
| 003 |
CZ BrMZK |
| 005 |
20160520102534.0 |
| 008 |
010907m19962002xr f cze d |
| 040 |
|
|
|a BOA001
|b cze
|
| 080 |
|
|
|a 342.743
|2 MRF
|
| 080 |
|
|
|a 336.2
|2 MRF
|
| 245 |
0 |
0 |
|a Praktický průvodce daněmi :
|b základní dílo včetně aktualizací.
|n Sv. 2, Část 4-7 /
|c Pavel Běhounek, Jan Rambousek ... [et al.].
|
| 260 |
|
|
|a Praha :
|b Verlag Dashöfer,
|c 1996-2002
|
| 300 |
|
|
|a 1 sv. (různé stránkování) ;
|c 23 cm
|
| 505 |
0 |
|
|a aktualizace 1. - 12. (1997-1999), 13. únor 2000), 14. (květen 2000), 15. (srpen 2000), 16. (listopad 2000), 17. (únor 2001), 18. (květen 2001), 19. (červenec 2001), 20. (září 2001), 21. (prosinec 2001), 22. (únor 2002), 23. (červen 2002)
|
| 653 |
0 |
|
|a daně
|
| 700 |
1 |
|
|a Rambousek, Jan,
|d 1965-
|7 xx0008107
|4 aut
|
| 700 |
1 |
|
|a Běhounek, Pavel,
|d 1964-
|7 jn19990216033
|4 aut
|
| 785 |
0 |
0 |
|t Daně správně a s jistotou
|
| 856 |
4 |
1 |
|u http://www.digitalniknihovna.cz/mzk/uuid/uuid:cc1c24d0-4d7f-11e5-90a0-005056825209
|y Digitalizovaný dokument
|z svazek 1-3, část 1-15, ZÁKLADNÍ DÍLO VČETNĚ 11. AKTUALIZACE - ZÁŘÍ 1999
|x NDK
|
| 910 |
|
|
|a BOA001
|b 04147-1035.670,2
|
| 964 |
|
|
|a Daně
|x příručky
|
| 990 |
|
|
|a BK
|
| 996 |
6 |
|
|b 2610073244
|c 04147-1035.670,2
|l MZK
|r Sklad / do 1 hodiny
|n 2
|p p.v.
|w 000326337
|u 000010
|a 1
|e BOA001
|j MZK50
|s P
|